000 01197nam a2200229Ia 4500
999 _c53159
_d53159
001 20198
003 GE_BSU
005 20200606225614.0
008 181216s2017||||ge |||||||||||||| ||geo||
020 _a9789941229619
040 _cGE_BSU
041 _ageo
080 _a94(479.223) გ-61
100 _aგოგოლიშვილი, ოთარ.
_9930
245 _aნაწილი 1: უცხოელი ავტორები XIX საუკუნის ბათუმის შესახებ (1804-1898წწ.) ნაწ. : 2.ბათუმის ოლქის ეკონომიკური განვითარება მე-20 საუკუნის პირველ ათწლეულში /
_cოთარ გოგოლიშვილი ; რედ. ლელა სალარიძე.
264 _aთბილისი :
_bუნივერსალი,
_c2017.
300 _a103 გვ. :
_bილ. ;
_c19 სმ.
653 _aისტორია
653 _aქალაქ ბათუმის ისტორია
700 _aსალარიძე, ლელა
_eრედაქტორი
_98309
942 _cBK
_2udc